Clair de terre /

Bibliographic Details
Main Author: Normandeau, Robert, 1955-
Corporate Author: Institut international de musique electroacoustique de Bourges
Format: CD Audio
Language:Undetermined
Published: Montréal : Entreintes Digitales, 2001.
Subjects:

MARC

Tag First Indicator Second Indicator Subfields
LEADER 00000cjm a2200000Ma 4500
001 in00003441235
005 20151206102839.0
007 sd fsngnnmmned
008 950420s2001 cau nn n und d
028 0 2 |a IMED 0157  |b Empreintes digitales 
035 |a (OCoLC)ocn643383833 
035 |a (OCoLC)643383833 
040 |a EUM  |c EUM  |d WAU  |d OCLCF  |d TXA  |d UtOrBLW 
049 |a TXAM 
090 |a M1473.N675  |b C53 2001 
100 1 |a Normandeau, Robert,  |d 1955- 
240 1 0 |a Electronic music.  |k Selections 
245 1 0 |a Clair de terre /  |c Robert Normamdeau. 
264 1 |a Montréal :  |b Entreintes Digitales,  |c 2001. 
300 |a 1 sound disc :  |b digital ;  |c 4 3/4 in. 
336 |a performed music  |b prm  |2 rdacontent 
337 |a audio  |b s  |2 rdamedia 
338 |a audio disc  |b sd  |2 rdacarrier 
500 |a Entreintes Digitales IMED 0157. 
500 |a Compact disc. 
500 |a Musique concrè̀te (1st-2nd works); electro-acoustic music (3rd work) 
500 |a 1st work realized in the studios of l'Institut international de musique électroacoustique de Bourge and in the composer's studio, 1999-2000; the 2nd-3rd works realized in 2001 and 1999, studio of the composer. 
500 |a Program notes in English and in French in container. 
505 0 |a Malina (15:02) -- Érinyes (20:08) -- Clair de terre (36:00) 
500 |a Sound recording. 
650 0 |a Electronic music. 
650 0 |a Computer music. 
650 7 |a Computer music.  |2 fast  |0 (OCoLC)fst00872274 
650 7 |a Electronic music.  |2 fast  |0 (OCoLC)fst00907363 
700 1 2 |a Normandeau, Robert,  |d 1955-  |t Malina. 
700 1 2 |a Normandeau, Robert,  |d 1955-  |t Onomatopées.  |p Érinyes. 
700 1 2 |a Normandeau, Robert,  |d 1955-  |t Clair de terre. 
710 2 |a Institut international de musique electroacoustique de Bourges. 
948 |a cataloged  |b h  |c 2014/9/2  |d c  |e jolivare  |f 9:36:03 am 
994 |a C0  |b TXA 
999 |a MARS 
999 f f |s 1c7a435c-5ba3-3817-80b1-0c066363e736  |i db426e5f-fc7a-343b-9edd-1a0fdf792aa0  |t 0 
952 f f |p ric  |a Texas A&M University  |b Rellis Campus  |c Joint Library Facility  |d Remote Storage  |t 0  |e M1473.N675 C53 2001  |h Library of Congress classification  |i audio -- audio disc  |m A14842713100 
998 f f |a M1473.N675 C53 2001  |t 0  |l Remote Storage